Στοιχεία Χαρτογραφίας (Record no. 5704)
[ view plain ]
| 000 -LEADER | |
|---|---|
| fixed length control field | 02396cam a22003014a 4500 |
| 005 - ΗΜΕΡΟΜΗΝΙΑ ΚΑΙ ΩΡΑ ΤΕΛΕΥΤΑΙΑΣ ΕΝΗΜΕΡΩΣΗΣ | |
| Πεδίο ελέγχου | 20250605164219.0 |
| 008 - FIXED-LENGTH DATA ELEMENTS--GENERAL INFORMATION | |
| Πεδίο ελέγχου σταθερού μήκους | 250528s ||||||||||||||||||||||||d |
| 035 ## - SYSTEM CONTROL NUMBER | |
| System control number | 20613 |
| 020 ## - ISBN | |
| ISBN | 9602546123 |
| 040 ## - ΠΗΓΗ ΚΑΤΑΛΟΓΟΓΡΑΦΗΣΗΣ | |
| Φορέας πρωτότυπης καταλογογράφησης | MC Athens Campus Library |
| Γλώσσα καταλογογράφησης | Ελληνικά, Μοντέρνα (1453-) |
| Modifying agency | MC Athens Campus Library |
| Κανόνες περιγραφικής καταλογογράφησης | AACR2 |
| 245 1# - ΤΙΤΛΟΣ ΚΑΙ ΔΗΛΩΣΗ ΥΠΕΥΘΥΝΟΤΗΤΑΣ | |
| Τίτλος | Στοιχεία Χαρτογραφίας |
| 260 ## - PUBLICATION, DISTRIBUTION, ETC. | |
| Name of publisher, distributor, etc. | Πανεπιστημιακές Εκδόσεις Ε.Μ.Π, |
| Date of publication, distribution, etc. | 2002 |
| 300 ## - PHYSICAL DESCRIPTION | |
| Extent | 830 |
| 520 ## - SUMMARY, ETC. | |
| Summary, etc. | Χαρτογραφία είναι το πεδίο που ασχολείται με τη σύλληψη, παραγωγή, διάδοση και μελέτη των χαρτών. Εισαγωγή, Η Χαρογραφία Σήμερα, Η Φύση της Χαρτογραφίας, Η Ιστορία της Χαρτογραφίας, Σχέσεις Γη - Χάρτη, Βασική Γεωδαισία, Χαρτογραφικές Προβολές, Κλίμακα και Συστήματα Αναφοράς και Συντεταγμένων, Πηγές Δεδομένων, Τοπογραφική Αποτύπωση και Προσδιορισμός Θέσης, Συλλογή Δεδομένων με Τηλεπισκόπηση, Απογραφή και Δειγματοληψία, Μοντέλα Δεδομένων για Ψηφιακή Χαρτογράφηση, Ψηφιοποίηση του Χάρτη, Επεξεργασία Δεδομένων, Επεξεργασία Εικόνας, Ψηφιακές Βάσεις Δεδομένων, Έννοιες Γεωγραφικών και Χαρτογραφικών Δεδομένων, Διαχείριση Μεγάλων Βάσεων Δεδομένων, Μέτρηση Δεδομένων και Βασική Στατιστική Επεξεργασία, Αντίληψη και Σχεδιασμός, Χαρογραφική Αφαίρεση, Υλοποίηση και Διάδοση του Χάρτη, Ευρετήριο. |
| 700 1# - ΠΡΟΣΘΕΤΗ ΑΝΑΓΡΑΦΗ--ΦΥΣΙΚΟ ΠΡΟΣΩΠΟ | |
| Personal name | Guptill Stephen C |
| 9 (RLIN) | 6569 |
| 700 1# - ΠΡΟΣΘΕΤΗ ΑΝΑΓΡΑΦΗ--ΦΥΣΙΚΟ ΠΡΟΣΩΠΟ | |
| Personal name | Kimerling Jon A |
| 9 (RLIN) | 6570 |
| 700 1# - ΠΡΟΣΘΕΤΗ ΑΝΑΓΡΑΦΗ--ΦΥΣΙΚΟ ΠΡΟΣΩΠΟ | |
| Personal name | Morrison Joel L |
| 9 (RLIN) | 6571 |
| 700 1# - ΠΡΟΣΘΕΤΗ ΑΝΑΓΡΑΦΗ--ΦΥΣΙΚΟ ΠΡΟΣΩΠΟ | |
| Personal name | Muehrcke Phillip C |
| 9 (RLIN) | 6572 |
| 700 1# - ΠΡΟΣΘΕΤΗ ΑΝΑΓΡΑΦΗ--ΦΥΣΙΚΟ ΠΡΟΣΩΠΟ | |
| Personal name | Robinson Arthur H |
| 9 (RLIN) | 6573 |
| 700 1# - ΠΡΟΣΘΕΤΗ ΑΝΑΓΡΑΦΗ--ΦΥΣΙΚΟ ΠΡΟΣΩΠΟ | |
| Personal name | Κάβουρας Μαρίνος |
| 9 (RLIN) | 6574 |
| 700 1# - ΠΡΟΣΘΕΤΗ ΑΝΑΓΡΑΦΗ--ΦΥΣΙΚΟ ΠΡΟΣΩΠΟ | |
| Personal name | Νάκος Βύρωνας |
| 9 (RLIN) | 6575 |
| 700 1# - ΠΡΟΣΘΕΤΗ ΑΝΑΓΡΑΦΗ--ΦΥΣΙΚΟ ΠΡΟΣΩΠΟ | |
| Personal name | Τομαή Ελένη |
| 9 (RLIN) | 6576 |
| 700 1# - ΠΡΟΣΘΕΤΗ ΑΝΑΓΡΑΦΗ--ΦΥΣΙΚΟ ΠΡΟΣΩΠΟ | |
| Personal name | Τσούλος Λύσανδρος |
| 9 (RLIN) | 6577 |
| 700 1# - ΠΡΟΣΘΕΤΗ ΑΝΑΓΡΑΦΗ--ΦΥΣΙΚΟ ΠΡΟΣΩΠΟ | |
| Personal name | Φιλιππακοπούλου Βασιλική |
| 9 (RLIN) | 6578 |
| 942 ## - ADDED ENTRY ELEMENTS (KOHA) | |
| Koha item type | Books |
| Τύπος τεκμηρίου | Βιβλιοθήκη | Τρέχουσα τοποθεσία | Barcode | Αριθμός εισαγωγής | Ημερομηνία απόκτησης | Ταξιθετικό σύμβολο | Αριθμός αντιτύπου | Κατάσταση απόσυρσης | Κατάσταση χαμένου | Κατάσταση κατεστραμμένου | Μη δανεισμός | Σύνολο δανεισμών | Ημερομηνία τελευταίας εμφάνισης | Η τιμή ισχύει από |
|---|---|---|---|---|---|---|---|---|---|---|---|---|---|---|
| Books | MC Athens Campus Library | MC Athens Campus Library | 9780000057037 | 7145 | 05/06/2025 | 526.8 ROB | 1 | 05/06/2025 | 05/06/2025 |